=LDR 00000nam 2200000 4500 =300 ##$$a 94 hlm. : $b ill. ; $c 30 cm $e =csr $a 86377348c6868f43019c28a4dfdddeef =856 ##$$a =740 ##$$a =700 #$$a =650 #$$a Pengembangan Kompetensi SDM =650 #$$a Aparatur Pemerintah =520 #$$a Pengembangan Kompetensi SDM Aparatur Terintegrasi Berpola Appe Sulapa (Sumber Daya Unggul, Kolaboratif, Profesional dan Adaptif) Berbasis Digital Lingkup Pemerintah Provinsi Sulawesi Barat".Latar Belakang & Tujuan Permasalahan: Belum maksimalnya sinergitas pengembangan dan pelatihan SDM aparatur di Provinsi Sulawesi Barat, dengan pola pengembangan yang masih tersebar di masing-masing instansi. Solusi: Membangun desain pengembangan kompetensi berpola "Appe Sulapa" (simbol segi empat/belah ketupat) yang mengintegrasikan sumber daya manusia secara digital melalui platform Learning Management System (LMS). Tujuan: Meningkatkan kualitas ASN melalui pelatihan terintegrasi yang efektif, efisien, dan responsif, sekaligus meningkatkan literasi digital aparatur guna mendukung sistem pemerintahan berbasis digital. =338 ##$$a =337 ##$$a =336 ##$$a =001 $a INLIS000000000020903 =264 ##$$a Jakarta : $b Pusbangkom Pimnas dan Manajerial ASN. ; $c 2024 =246 ##$$a =245 ##$$a Pengembangan Kompetensi SDM Aparatur Berintegrasi Berpola Appe Sulapa (Sumber Daya Unggul, Kolaboratif, Profesional dan Adaptif) Berbasis Digital Lingkup Pemerintah Provinsi Sulawesi Barat $b $c Farid Wajdi =100 #$$a Farid Wajdi =084 ##$$a R 087 PKN I 2024 =082 ##$$a =035 ##$$a 0010-0526000008 =020 ##$$a =008 $a 260508################g##########0#ind## =005 $a 20260508154501